| 000 | 00777nam a2200313 a 4500 | ||
|---|---|---|---|
| 001 | 37922 | ||
| 003 | AR-BaAGN | ||
| 005 | 20231116150606.0 | ||
| 007 | ta | ||
| 008 | 220625s2000 ag |||||r|||| ||||||spa d | ||
| 020 | _a950-23-1035-7 | ||
| 040 |
_dAR-BaAGN _aAR-BaAGN _bspa _eaacr |
||
| 100 | 1 | _aPoratti, Armando R. | |
| 245 | 1 | 0 | _aEl pensamiento antiguo y su sombra |
| 250 | _a1ª ed. | ||
| 260 |
_aBuenos Aires : _bEudeba, _c2000. |
||
| 300 | _a167 páginas | ||
| 336 |
_2rdacontent _btxt |
||
| 337 |
_2rdamedia _bn |
||
| 338 |
_2rdacarrier _bnc |
||
| 490 | 0 | _aEnsayos. Eudeba | |
| 600 | 1 | 4 | _aHeráclito |
| 600 | 1 | 4 | _aParménides |
| 650 | 4 |
_aFILOSOFÍA _91702 |
|
| 651 | 4 |
_aGrecia _95131 |
|
| 942 | _cLIBRO | ||
| 999 |
_c37922 _d37922 |
||